Úvod do permakultury

Bibliographic Details
Main Authors: Mollison, B. C., 1928-2016 (Author), Slay, Reny Mia (Author)
Other Authors: Jeeves, Andrew (Illustrator), Končko, Karol (Translator), Vlašínová, Helena (Translator)
Format: Book
Language:Czech
English
PhysicalDescription:viii, 228 s. ilustr. 30 cm
Published: Revúca Permakultúra (CS) 1999
ISBN:809681320X (brož.)
Edition:2. uprav. vyd.
Subjects:

MARC

LEADER 00000nam a2200000 a 4500
001 vtls001367712
003 SK-MaSNL
005 20260302071242.0
008 240315s1999 xo a f 001 0dcze
015 |a SNBA1999/10-03929 
020 |a 809681320X (brož.) 
035 |a SNK000321401 
035 |a urn:nbn:sk:snk-amyhmc 
035 |a urn:nbn:sk:snk-am00ckdt 
035 |a 2DD65F8F-12B9-429D-98B9-368BD0967379 
040 |a SNK  |b slo  |c SNK  |e AACR2 
041 1 |a cze  |h eng 
044 |a xo  |c SK 
072 7 |a 631  |x Poľnohospodárstvo. Pedológia. Agrotechnika. Agroekológia  |2 konspekt 
080 |a 504.54:502.63:711=854=850  |2 1981 
080 |a 711.854=850=854  |2 1981 
080 |a 631.147:502.131.1  |2 2001 
080 |a 502.5  |2 2001 
080 |a (035)  |2 2001 
080 |a 574.4/.5  |2 2001 
080 |a 502.131.1  |2 2001 
080 |a 631.147  |2 2001 
100 1 |a Mollison, B. C.,  |d 1928-2016  |4 aut  |9 172549 
240 1 0 |a Introduction to permaculture  |l Česky 
245 1 |a Úvod do permakultury  |c Bill Mollison ; ve spolupráci s Reny Mia Slay ; [překlad: Karol Končko a Helena Vlašínová ; ilustrace: Andrew Jeeves] 
250 |a 2. uprav. vyd. 
260 |a Revúca  |b Permakultúra (CS)  |c 1999 
300 |a viii, 228 s.  |b ilustr.  |c 30 cm 
500 |a Čiast. text slov. 
500 |a Ilustr. na tit. strane 
500 |a Údaj o prekl. prevzatý z rubu tit. strany 
500 |a Slovníčky, zoznamy rastlín 
500 |a Biografie autorov 
504 |a Register 
546 |a Preložené z angličtiny 
650 0 7 |a permakultúra  |2 SNKPH  |9 242704 
650 0 7 |a krajinná ekológia  |2 SNKPH  |9 3811 
650 0 7 |a trvalo udržateľné ekosystémy  |2 SNKPH  |9 732760 
650 0 7 |a ekosystémy  |2 SNKPH  |9 3902 
650 0 7 |a trvalo udržateľný rozvoj  |2 SNKPH  |9 3353 
650 0 7 |a biologicke poľnohospodárstvo  |2 SNKPH  |9 732761 
650 0 7 |a ekologické poľnohospodárstvo  |2 SNKPH  |9 3913 
650 0 7 |a Permaculture  |2 SNKPHeng  |9 442587 
650 0 7 |a Landscape ecology  |2 SNKPHeng  |9 265574 
650 0 7 |a Ecosystems  |2 SNKPHeng  |9 267077 
650 0 7 |a Sustainable development  |2 SNKPHeng  |9 265066 
650 0 7 |a Ecological agriculture  |2 SNKPHeng  |9 325318 
655 7 |a príručky  |2 SNKPH  |9 74364 
655 7 |a Handbooks, manuals, etc.  |2 SNKPHeng  |9 90964 
700 1 |a Slay, Reny Mia  |4 aut  |9 65034 
700 1 |a Jeeves, Andrew  |4 ill  |9 602806 
700 1 |a Končko, Karol  |4 trl  |9 491236 
700 1 |a Vlašínová, Helena  |4 trl  |9 491237 
919 |a 80-968132-0-X 
958 |a TL 
958 |a OP 
958 |a NS 
958 |a CZ 
968 |a Čes  |b ENG 
999 |c 1151113  |d 1153043 
952 |t P60, <03>, [BOOK], {603}  |a SNK  |b SNK  |y PREZ  |7 0  |p 17A0200815  |o snkSB 60698  |i snkKSP 7727/99  |0 0  |1 0  |4 0  |d 1999-07-15  |f 1  |l 0  |r 2025-04-11 00:00:00  |w 2026-02-24 
952 |t P60, <04>, [BOOK], {604}  |a SNK  |b SNK  |y VYP  |7 0  |p 17A0200816  |o snkSB 60698 D1  |i snkKSP 7728/99  |0 0  |1 0  |4 0  |d 1999-07-15  |l 0  |r 2005-01-02 00:00:00  |w 2026-02-24